| 000 | 00611nam a22002057a 4500 | ||
|---|---|---|---|
| 999 |
_c3342 _d3342 |
||
| 003 | OSt | ||
| 005 | 20231117151243.0 | ||
| 008 | 231117b ||||| |||| 00| 0 eng d | ||
| 020 | _a9781398389298 | ||
| 040 | _cKH8 | ||
| 082 | _a570 BIO | ||
| 110 | _aHodder Education | ||
| 245 |
_aA threatened ecosystem : _bThe importance of seagrasses |
||
| 260 |
_aUK ; _bHodder Education, _c2023. |
||
| 300 |
_a41 pages : _bcolor illustrations ; _c28 cm. |
||
| 440 |
_aBiological sciences review; _nSeptember 2023 _pNumber 1 _vVolume 36 |
||
| 650 | _a Biology -- Periodicals | ||
| 650 | _aBiology Serials | ||
| 942 |
_2ddc _cTR |
||